Asbāb ḥudūth al-ḥurūf /

Saved in:

Main Author: Avicenna, 980-1037 (Author)

Other Authors: Khaṭīb, Muḥibb al-Dīn.

Format: Book

Language: Arabic

Published: al-Qāhirah : Maṭbaʻat al-Muʼayyad, 1332 [1913 or 1914].

Subjects:

Tags: Add Tag

No Tags, Be the first to tag this record!

Call Number: ( P )PJ6121 .A9 1913

LEADER 01446nam a2200265Ia 4500
003 OSt
005 20240626071855.0
008 130303s1913 ua b 000 0 ara d
952 |0 0  |1 0  |2 lcc  |4 0  |7 1  |9 28823  |a ARCE  |b ARCE  |d 2022-01-25  |l 0  |o ( P )PJ6121 .A9 1913  |p 1025742  |r 2022-01-25 00:00:00  |w 2022-01-25  |y PT 
999 |c 26843  |d 26843 
040 |c ARCE Library 
050 4 |a ( P )PJ6121 .A9 1913 
100 0 |6 880-01  |a Avicenna,  |d 980-1037,  |e author  |9 25861 
245 1 0 |6 880-02  |a Asbāb ḥudūth al-ḥurūf /   |c tasṇīf Abī ʻAlī al-Hụsayn ibn Sīnā ; nasakhahu wa-sạhḥạhạhu wa-wa-qafa ʻalá tạbʻihi Muhịbb al-Dīn al-Khatị̄b. 
264 1 |a al-Qāhirah :  |b Maṭbaʻat al-Muʼayyad,   |c 1332 [1913 or 1914]. 
300 |a 20 pages ;   |c 24 cm. 
500 |a Maʼkhūdh bi-al-futụ̄ghrāf ʻan nuskhat al-Mathạf al-Birītạnī raqam 16659 wa-muʻarad ̣bi-nuskhat al-Khazānah al-Taymūrīyah majmūʻ raqam 200. 
504 |a Includes bibliographical references. 
650 0 |a Arabic language  |x Phonetics  |v Early works to 1800. 
650 0 |a Arabic language  |x Phonetics. 
700 1 |a Khaṭīb, Muḥibb al-Dīn. 
880 0 |6 100-01/(3/r  |a ابن سينا،‪‪‪‪‪‪‪‪‪‪‪‪  |d 980-1037. 
880 1 0 |6 245-02/(3/r  |a أسباب حدوث الحروف   |c  تصنيف أبى على الحسين بن سينا ؛ نسخه وصححه ووقف على طبعه محب الدين الخطيب 
901 |a reviewed 
942 |c PT  |2 lcc